00801nam a2200217Ii 45000010005000000030009000050080041000140400033000550410008000880820016000961000040001122450064001522640072002163000012002883360026003003370028003263380027003549400050003819990017004319520135004483604CO-ViMGA241108s9999||||xx |||||||||||||| ||und|| aCO-ViMGAbspaerdacCO-ViMGA0 aspa04a336.34 S1681 aFrancisco de Paula Santander94695310aSantander y los empréstitos de la Gran Colombia 1822-1828 1aBogotá, Colombia : Fundación Francisco de Paula Santander, 1988 avolumen atextbtxt2rdacontent aunmediatedbn2rdamedia avolumebnc2rdacarrier aidficha_siabuc: 3518. -- ficha_no_siabuc:3604 c41532d41532 001040708001aMEVIGERRbMEVIGERRcGENd2006-11-27o336.34 S168pECA2149r2024-11-26 08:56:16tEj.1w2024-11-26yBKz3518 | 5174